Worst 20 Rule of Law Countries 2021 - Statistics

General Stats
  • This quiz has been taken 77 times
  • The average score is 10 of 20
Answer Stats
ranking country % Correct
6 Afghanistan
81%
3 Dem Rep Congo
75%
10 Pakistan
66%
1 Venezuela
65%
19 Nigeria
57%
8 Haiti
56%
15 Uganda
49%
13 Zimbabwe
49%
12 Myanmar
47%
9 Nicaragua
47%
18 Ethiopia
46%
14 Honduras
46%
5 Cameroon
43%
20 Guinea
41%
7 Mauritania
41%
16 Bangladesh
40%
2 Cambodia
40%
4 Egypt
37%
17 Mozambique
29%
11 Bolivia
25%
No matching quizzes found
Score Distribution
Percent of People with Each Score
Percentile by Number Answered
Your Score History
You have not taken this quiz